<?xml version="1.0" encoding="UTF-8"?>
<record
    xmlns:xsi="http://www.w3.org/2001/XMLSchema-instance"
    xsi:schemaLocation="http://www.loc.gov/MARC21/slim http://www.loc.gov/standards/marcxml/schema/MARC21slim.xsd"
    xmlns="http://www.loc.gov/MARC21/slim">

  <leader>00417nam a22001457a 4500</leader>
  <controlfield tag="005">20180124114950.0</controlfield>
  <controlfield tag="008">180124b        xxu||||| |||| 00| 0 eng d</controlfield>
  <datafield tag="040" ind1=" " ind2=" ">
    <subfield code="c">PK-LaUMT</subfield>
  </datafield>
  <datafield tag="082" ind1=" " ind2=" ">
    <subfield code="a">PKAC 297.74</subfield>
    <subfield code="b">ASA-A</subfield>
  </datafield>
  <datafield tag="100" ind1=" " ind2=" ">
    <subfield code="a">Asad Jillani</subfield>
  </datafield>
  <datafield tag="245" ind1=" " ind2=" ">
    <subfield code="a">Abul Ala Maududi , Fikar wa dawat(arabic)/</subfield>
    <subfield code="c">Asad Jillani</subfield>
  </datafield>
  <datafield tag="260" ind1=" " ind2=" ">
    <subfield code="a">&#x644;&#x627;&#x6C1;&#x648;&#x631;:</subfield>
    <subfield code="b">&#x627;&#x644;&#x627;&#x6A9;&#x627;&#x62F;&#x6CC;&#x645;&#x6CC;&#x6C3; &#x627;&#x644;&#x627;&#x633;&#x644;&#x627;&#x645;&#x6CC;&#x6C3;&#x60C;</subfield>
    <subfield code="c">1983</subfield>
  </datafield>
  <datafield tag="300" ind1=" " ind2=" ">
    <subfield code="a">453</subfield>
  </datafield>
  <datafield tag="942" ind1=" " ind2=" ">
    <subfield code="c">BK</subfield>
  </datafield>
  <datafield tag="999" ind1=" " ind2=" ">
    <subfield code="c">102073</subfield>
    <subfield code="d">102073</subfield>
  </datafield>
  <datafield tag="952" ind1=" " ind2=" ">
    <subfield code="0">0</subfield>
    <subfield code="1">0</subfield>
    <subfield code="4">0</subfield>
    <subfield code="7">0</subfield>
    <subfield code="a">01</subfield>
    <subfield code="b">01</subfield>
    <subfield code="d">2018-01-24</subfield>
    <subfield code="l">0</subfield>
    <subfield code="o">PKAC 297.74 ASA-A</subfield>
    <subfield code="p">118031</subfield>
    <subfield code="r">2018-01-24 00:00:00</subfield>
    <subfield code="w">2018-01-24</subfield>
    <subfield code="y">BK</subfield>
  </datafield>
</record>
